| 000 | 00750nam a22002537a 4500 | ||
|---|---|---|---|
| 003 | PE SENCICO BE | ||
| 005 | 20251020182635.0 | ||
| 008 | 230503b |||||||| |||| 00| 0 eng d | ||
| 020 | _a978-987-584-302-8 | ||
| 040 |
_aPE SENCICO BE _cPE SENCICO BE |
||
| 041 | _aspa | ||
| 082 |
_a720.1 _bS25 |
||
| 100 | 1 |
_9971 _aSato Kotani, Alberto _eautor |
|
| 245 | 1 |
_aLos tiempos del espacio / _cAlberto Sato Kotani |
|
| 250 | _a1a ed. | ||
| 260 |
_aBuenos Aires : _bNobuko, _c2010 |
||
| 300 |
_a262 p. : _c20 cm. |
||
| 440 |
_9375 _aTeoría y crítica de la arquitectura _pv. 2 |
||
| 650 | 1 | 4 |
_9670 _aTeoría de la arquitectura |
| 650 | 2 | 4 |
_9363 _aHistoria de la arquitectura |
| 650 | 2 | 4 |
_949 _aArquitectura |
| 910 |
_bhfp _chfp |
||
| 942 |
_2ddc _cLIB |
||
| 999 |
_c4119 _d4119 |
||